Synthetic data for official statistics : a starter guide (Record no. 79370)

MARC details
000 -LEADER
fixed length control field 01170nam a22002897a 4500
003 - CONTROL NUMBER IDENTIFIER
control field CBULib
005 - DATE AND TIME OF LATEST TRANSACTION
control field 20240801090735.0
008 - FIXED-LENGTH DATA ELEMENTS--GENERAL INFORMATION
fixed length control field 230622b |||||||| |||| 00| 0 eng d
020 ## - INTERNATIONAL STANDARD BOOK NUMBER
International Standard Book Number 9789211173123
040 ## - CATALOGING SOURCE
Original cataloging agency CBULib
Transcribing agency CBULib
Language of cataloging English
Modifying agency CBULib
Description conventions rda
041 ## - LANGUAGE CODE
Language code of text/sound track or separate title eng
099 ## - LOCAL FREE-TEXT CALL NUMBER (OCLC)
Classification number UNECE(02)2022/20
110 ## - MAIN ENTRY--CORPORATE NAME
Corporate name or jurisdiction name as entry element United Nations Economic Commission for Europe
245 ## - TITLE STATEMENT
Title Synthetic data for official statistics : a starter guide
Statement of responsibility, etc / by United Nations Economic Commission for Europe(UNECE)
Remainder of title Glossaire des transports par voie navigable y compris les services d'information fluviale.
260 ## - PUBLICATION, DISTRIBUTION, ETC. (IMPRINT)
Place of publication, distribution, etc Geneva
Name of publisher, distributor, etc United Nations
Date of publication, distribution, etc 2022
300 ## - PHYSICAL DESCRIPTION
Extent v, 87 pages : illustrations
336 ## - CONTENT TYPE
Source rdacontent
Content type term Text |
Content type code txt
337 ## - MEDIA TYPE
Source rdamedia
Media type term Unmediated |
Media type code n
338 ## - CARRIER TYPE
Source rdacarrier
Carrier type term Volume
Carrier type code nc
610 ## - SUBJECT ADDED ENTRY--CORPORATE NAME
Corporate name or jurisdiction name as entry element UNITED NATIONS ECONOMIC COMMISSION FOR EUROPE(UNECE)
650 #0 - SUBJECT ADDED ENTRY--TOPICAL TERM
Topical term or geographic name as entry element CONFIDENTIAL COMMUNICATIONS--STATISTICAL SERVICES
9 (RLIN) 3158
650 #0 - SUBJECT ADDED ENTRY--TOPICAL TERM
Topical term or geographic name as entry element DATA CURATION
9 (RLIN) 3160
650 #0 - SUBJECT ADDED ENTRY--TOPICAL TERM
Topical term or geographic name as entry element DATA PROTECTION
9 (RLIN) 3161
650 #0 - SUBJECT ADDED ENTRY--TOPICAL TERM
Topical term or geographic name as entry element DATA PRIVACY
9 (RLIN) 3162
856 ## - ELECTRONIC LOCATION AND ACCESS
Uniform Resource Identifier <a href="https://unece.org/statistics/publications/synthetic-data-official-statistics-starter-guide">https://unece.org/statistics/publications/synthetic-data-official-statistics-starter-guide</a>
942 ## - ADDED ENTRY ELEMENTS (KOHA)
Koha item type INTERNATIONAL PUBLICATIONS
Source of classification or shelving scheme
Holdings
Withdrawn status Lost status Source of classification or shelving scheme Damaged status Not for loan Collection code Permanent Location Current Location Shelving location Date acquired Source of acquisition Full call number Barcode Date last seen Copy number Price effective from Koha item type
          Special Collections CBU-MAIN LIBRARY, KITWE. CBU-MAIN LIBRARY, KITWE. Special Collections 06/22/2023 DEP-UNECE - United Nations Economic Commission for Europe UNECE(02)2022/20 79370 06/22/2023 1 06/22/2023 INTERNATIONAL PUBLICATIONS